000 01284nam0a22002771 4500
001 rc\3123443
005 20250530065644.0
035 _a(NLR Aleph) 007281253
090 _a5511811
_c5511811
100 _a20120615d1975 |||y0rusy50 ca
101 0 _arus
102 _aRU
105 _ay z |||||
200 1 _aОрганизация комплексной системы эффективного производства на предприятии
_e(Метод. рекомендации)
_fАН СССР. Ин-т социально-экон. проблем. Науч. совет АН СССР по проблеме "Экон. эффективность капит. вложений, основных фондов и новой техники. (Ленингр. филиал)
210 _aЛенинград
_cБ. и.
_d1975
215 _a[1], 30 с.
_d20
300 _aНа обороте тит. л.: подгот. В.П. Кузьмин, Л.О. Нелидова, Н.С. Федорова
333 _aДСП. Экз. № 96
702 1 _aНелидова
_bЛ.О.
_4570
702 1 _aКузьмин
_bВ.П.
_4570
702 1 _aФедорова
_bН.С.
_4570
801 0 _aRU
_bNLR
_gpsbo
801 1 _aRU
_bELAR
_2rusmarc
852 _aNLR
_j76-50К/1562
942 _cBOOK
980 _aNB